| 000 | 00590nam a2200217 a 4500 | ||
|---|---|---|---|
| 005 | 20240925064809.0 | ||
| 008 | 991125s1973 es 000 0 spa u | ||
| 020 | _a842548458 | ||
| 035 | _aUPN01000029093 | ||
| 049 | _aCG | ||
| 050 | 4 |
_aB809.8 _bW4.38 1973 |
|
| 100 | 1 | _aLeonhard, W. | |
| 245 | 1 | 3 |
_aLa ideología soviética / _cG. A. Wetter y W. Leonhard. |
| 250 | _a2a ed. | ||
| 260 |
_aBarcelona [Esp.] : _bHerder, _c1973. |
||
| 300 | _a676 p. | ||
| 650 | 4 |
_aComunismo _96792 |
|
| 650 | 4 |
_aMaterialismo dialéctico _94555 |
|
| 650 | 2 |
_aPolítica económica _91147 |
|
| 905 | _aLibro | ||
| 999 |
_c29093 _d29093 |
||